000 00924nam a2200217 4500
005 20260210162434.0
008 260210b |||||||| |||| 00| 0 eng d
020 _a9788171193455 (hbk)
037 _cTB
040 _aCRL
_cCRL
041 _2hin
_ahin
084 _aO152,2:g R4
_qTB
100 _aसिंह, बच्चन
_91114907
245 _aहिन्दी नाटक
250 _a6 संस्करण
260 _aदिल्ली, भारत:
_bराधाकृष्ण प्रकाशन,
_c2024.
300 _a239पृ.
650 _aहिन्दी नाटक
_91114908
942 _2CC
_n0
_cTB
_e6 संस्करण
_hO152,2:g R4
999 _c1679138
_d1679138